| 000 | 00379cam a2200157ua 4500 | ||
|---|---|---|---|
| 041 |
_aeng _h |
||
| 082 |
_a823.308 _bBOR/LA |
||
| 100 | _aBarrow, George . | ||
| 245 |
_aLavengro / _cGeorge Barrow. _hTextual Documents |
||
| 260 |
_aLondon : _bOxford University Press , _c1951. |
||
| 300 | _a120 ; . | ||
| 504 | _a | ||
| 942 | _cBK | ||
| 999 |
_c4965 _d4965 |
||